| 000 | 00408nam a2200169Ia 4500 | ||
|---|---|---|---|
| 008 | 230524s9999 xx 000 0 und d | ||
| 020 | _a8173812527 | ||
| 082 |
_a535 _bCHA |
||
| 100 | _aP.K.Chakrabati | ||
| 245 | 0 | _aGeometrical and Physical Optics | |
| 250 | _a2ND | ||
| 260 |
_aCALCUTTA _bNew Central _c2005 |
||
| 300 | _aXIV;522 | ||
| 500 | _aQuantity Number: 60 | ||
| 650 | _aPhysics | ||
| 942 | _cBK | ||
| 999 |
_c14003 _d14003 |
||